Generácia Y a odraz jej požiadaviek v praxi z pohľadu ľudských zdrojov

Súčasné generácie na pracovnom trhu. Charakteristiky generácie veteránov, baby boomers, generácie X a generácie Y. Demografické zastúpenie generácie Y. Generácia silných individualistov. Vzdelanostná úroveň, technológie a generácia Y. Generácia Y z pohľadu HR. Postavenie generácie Y na trhu práce.

Guardado en:
Detalles Bibliográficos
Autor principal: Krajčík, Daniel, 1981-
Otros Autores: Čviriková, Adriana
Formato: Capítulo de libro
Lenguaje:eslovaco
Materias:
Etiquetas: Agregar Etiqueta
Sin Etiquetas, Sea el primero en etiquetar este registro!

MARC

LEADER 00000naa$a2200000$$$4500
001 0178165
005 20240710075940.6
041 0 |a slo 
044 |a SK 
245 1 0 |a Generácia Y a odraz jej požiadaviek v praxi z pohľadu ľudských zdrojov  |c Daniel Krajčík, Adriana Čviriková 
520 |a Súčasné generácie na pracovnom trhu. Charakteristiky generácie veteránov, baby boomers, generácie X a generácie Y. Demografické zastúpenie generácie Y. Generácia silných individualistov. Vzdelanostná úroveň, technológie a generácia Y. Generácia Y z pohľadu HR. Postavenie generácie Y na trhu práce. 
610 2 0 |a trh práce 
610 2 0 |a zdroje ľudské 
610 2 0 |a generácie 
610 2 0 |a vzdelanie 
610 2 0 |a technológie nové 
610 2 0 |a mládež 
100 1 |a Krajčík, Daniel, 1981- 
700 1 |a Čviriková, Adriana